Cuadernos Metodológicos. La opción de los métodos de comparación constante para la psicología /

Na minha lista:
Detalhes bibliográficos
Autor principal: Aguilar Freyan, Wendy
Outros Autores: Monge López, David, Pérez Sánchez, Rolando, Víquez Calderón, David
Formato: Desconhecido
Idioma:Spanish
Publicado em: Costa Rica :
Colecção:Serie Cuadernos Metodológicos No. 4
Assuntos:
Tags: Adicionar Tag
Sem tags, seja o primeiro a adicionar uma tag!

MARC

LEADER 00000 a2200000 04500
001 45216
003 cru IIS
005 20221122103411.0
008 050630s2008 cr spa d
020 |a ISSN 1659-2921  
040 |a  ##  |c cru IIS 
090 |a RE18.03.01 A283c  
100 |a Aguilar Freyan, Wendy  
245 |a Cuadernos Metodológicos.  |b La opción de los métodos de comparación constante para la psicología /  |c Wendy Aguilar Freyan ; David Monge López ; Rolando Pérez Sánchez ; David Víquez Calderón 
260 |a Costa Rica :  
300 |a 65 páginas; CD-ROM  
440 |a Serie Cuadernos Metodológicos No. 4  
500 |a Por la Universidad de Costa Rica. Instituto de Investigaciones Psicológicas 
505 |a 1 Disco compacto 
650 |a METODOS DE INVESTIGACION  
650 |a INVESTIGACION SOCIAL  
650 |a RECOPILACION DE DATOS  
650 |a INVESTIGACION PARTICPATIVA  
700 |a Monge López, David  
700 |a Pérez Sánchez, Rolando  
700 |a Víquez Calderón, David  
942 |2 ddc  |c RE 
999 |c 44661  |d 44661